مطا لعہ شعا ر (Record no. 176173)

MARC details
000 -LEADER
fixed length control field 00658nam a22001937a 4500
005 - DATE AND TIME OF LATEST TRANSACTION
control field 20201126142849.0
010 ## - LCCN (DPL NO)
LC control number UR-10943
020 ## - INTERNATIONAL STANDARD BOOK NUMBER
Terms of availability 300.00
International Standard Book Number 97893901001630
035 ## - SYSTEM CONTROL NUMBER
System control number U-9498
037 ## - SOURCE OF ACQUISITION
Source of stock number/acquisition DBAD/PUB
082 ## - DEWEY DECIMAL CLASSIFICATION NUMBER
Classification number 840.08
100 ## - MAIN ENTRY--PERSONAL NAME
Personal name حا فظ کر نا ٹکی
245 ## - TITLE STATEMENT
Title مطا لعہ شعا ر
Statement of responsibility, etc حا فظ کر نا ٹکی
246 ## - VARYING FORM OF TITLE
Remainder of title Mutaliya She'Ar (Urdu)
Title proper/short title by Hafiz Karnataki
260 ## - PUBLICATION, DISTRIBUTION, ETC. (IMPRINT)
Place of publication, distribution, etc N.Delhi
Name of publisher, distributor, etc Educational Publishing House
Date of publication, distribution, etc 2020 ء
270 ## - ADDRESS
Address H.O.D1/16,Ansari Road,Darya ganj,
City N.Delhi
Postal code 110002
Telephone number 45678285,23216162
Fax number 0091-11-23211540
300 ## - PHYSICAL DESCRIPTION
Extent 289 ص
Dimensions 22 Cm(Hb)
942 ## - ADDED ENTRY ELEMENTS (KOHA)
Source of classification or shelving scheme Dewey Decimal Classification
Item type Urdu Bks
Classification part 840.08
Call number suffix ح ا ف
Holdings
Withdrawn status Lost status Not for loan Collection code Home library Current library Date acquired Source of acquisition Cost, normal purchase price Full call number Barcode Copy number Cost, replacement price Koha item type
      Non-fiction D.B.Act.Division D.B.Act.Division 26/11/2020 DBAD/PUB 300.00 840.08 ح ا ف U-9498 1 300.00 Urdu Bks

© Delhi Public Library
Hit Counter
free hit counter